000 00383nam a22001697a 4500
005 20160430120722.0
008 160430b xxu||||| |||| 00| 0 eng d
020 _a0-07-043014-4
041 _aeng
082 _b1061
100 _aMiller Alex
_9337
245 _aStrategic Management
260 _bJruin megrawhil
_c1998
300 _a579
650 _aManagement
_9241
942 _cBK
999 _c390
_d390